| 000 | 01059nas a2200313 4500 | ||
|---|---|---|---|
| 001 | BR0602971 | ||
| 003 | BR-BrBNA | ||
| 005 | 20231205110109.0 | ||
| 007 | ta | ||
| 008 | 230509b bl.|||p| |||| 00| 00por d | ||
| 040 |
_aBR-BrBNA _bpor _cBiblioteca Nacional de Agricultura |
||
| 041 | _a(Pt) | ||
| 072 | _aL72 | ||
| 100 | 1 | _aReis, R.C.S. | |
| 100 | 1 | _aMelo, D.R. | |
| 100 | 1 | _aBittencourt, V.R.E.P. | |
| 245 | 1 | _aEfeitos de Beauveria bassiana (Bals)Vuill e Metarhizium anisopliae (Metse)Sorok sobre fêmeas ingurgitadas de Amblyomma cajennense (Fabricius, 1787)em condições de laboratório | |
| 650 | _aBEAUVERIA BASSIANA | ||
| 650 | _aFUNGO | ||
| 650 | _aMETHARZIUM ANISOPLIAE | ||
| 650 | _aAMBLYOMMA CAJANNENSE | ||
| 650 | _aCARRAPATO | ||
| 650 | _aBIOLOGIA | ||
| 650 | _aCRIAÇÃO MASSAL | ||
| 650 | _aCONTROLE BIOLÓGICO | ||
| 773 | 0 |
_tArquivo Brasileiro de Medicina Veterinária e Zootecnia (Brazil) _xISSN 0102-0935 _g(Dec 2004), v. 56(6) p. 788-791 _wBR0602971 |
|
| 909 |
_a202311 _bLúcia _c55 _dLúcia Elande |
||
| 942 |
_2AGRIS _n0 _cANA |
||
| 999 |
_c186190 _d186190 |
||